The Image of Islam in Russia
Uložené v:
| Ďalší autori: | |
|---|---|
| Médium: | Kniha |
| Jazyk: | English |
| Vydavateľské údaje: |
Abingdon
Routledge/Taylor & Francis Group
2021
|
| Vydanie: | 1st Edition |
| Predmet: | |
| Tagy: |
Žiadne tagy, Buďte prvý, kto otaguje tento záznam!
|
MARC
| LEADER | 00000nam a2200000 4500 | ||
|---|---|---|---|
| 001 | 0279360 | ||
| 005 | 20240416114141.8 | ||
| 020 | |a 978-0-367-64263-1 | ||
| 041 | 0 | |a eng | |
| 044 | |a GB | ||
| 245 | 1 | 0 | |a The Image of Islam in Russia |c edited by Greg Simons |
| 250 | |a 1st Edition | ||
| 264 | 1 | |a Abingdon |b Routledge/Taylor & Francis Group |c 2021 | |
| 300 | |a 127 s. | ||
| 610 | 2 | 0 | |a islam |
| 610 | 2 | 0 | |a náboženstvo |
| 610 | 2 | 0 | |a politika |
| 610 | 2 | 0 | |a kultúra |
| 610 | 2 | 0 | |a moslimovia |
| 610 | 2 | 0 | |a Rusko |
| 700 | 1 | |a Simons, Greg | |